000 00692nam a2200253Ia 4500
003 OSt
005 20221007100615.0
006 a|||||r|||| 00| 0
007 ta
008 221006b |||||||| |||| 00| 0 eng d
024 _a4,720
037 _cTextual
040 _aLCO
_cLCO
_beng
041 _2eng
_aeng
082 _aZ2,95993y7, M2
100 _aEJAZ AHMAD
_9701446
245 0 _aCases and materials on Law of maintenance
260 _aAllahabad
_bAshoka Law House
_c1982
300 _a208
650 _aMAINTENANCE LAW
_9701891
700 _a ANSARI M S
_9701892
942 _hZ2,95993y7, M2
_cTEXL
999 _c1174283
_d1174283